00577 2200205 4500001002100000005001700021006001900038008004100057020001800098035002500116041000700141082001500148090001500163100003400178245006300212260004400275300002500319990000900344990001800353INLIS00000000000026020140225114443.0a ||| | 180719| ||| | id  a979-514-878-8 a0010-031300000000260 aid0 a297.122 03 a297.122 030 aProf. DR. Azyumardi Azra, M.A00aRenaisans Islam Asia Tenggara : Sejarah Wacana & Kekuasaan aHoboken, NJbPT Remaja Rosdakaryac2000 axxii, 180 hal, 24 cm a0364 a11081/PN/2013